| 000 | 01115cam a2200301 a 4500 | ||
|---|---|---|---|
| 999 |
_c129 _d129 |
||
| 001 | 2030566 | ||
| 003 | Nust | ||
| 005 | 20170503130456.0 | ||
| 008 | 920129s1993 nyua b 001 0 eng | ||
| 010 | _a 92006989 | ||
| 020 | _a0471553808 (cloth : acidfree paper) | ||
| 040 |
_aDLC _cDLC _dDLC |
||
| 050 | 0 | 0 |
_aQA401 _b.K7 1993 |
| 082 | 0 | 0 |
_a510 KRE _220 |
| 100 | 1 | _aKreyszig, Erwin. | |
| 245 | 1 | 0 |
_aAdvanced engineering mathematics / _cErwin Kreyszig. |
| 250 | _a7th ed. | ||
| 260 |
_aNew York : _bWiley, _cc1993. |
||
| 300 |
_a1 v. (various pagings) : _bill. (some col.) ; _c27 cm. |
||
| 500 | _aP.B | ||
| 504 | _aIncludes bibliographical references and index. | ||
| 650 | 0 | _aMathematical physics. | |
| 650 | 0 | _aEngineering mathematics. | |
| 856 | 4 |
_3Table of Contents _uhttp://www.loc.gov/catdir/toc/onix05/92006989.html |
|
| 856 | 4 | 2 |
_3Publisher description _uhttp://www.loc.gov/catdir/enhancements/fy0707/92006989-d.html |
| 906 |
_a7 _bcbc _corignew _d1 _eocip _f19 _gy-gencatlg |
||
| 942 |
_2ddc _cBK _k510 KRE |
||